| 000 | 00672nam a2200181 a 4500 | ||
|---|---|---|---|
| 008 | 071001s1999 ||||||||||||||||| || u | ||
| 020 | _a0870031694 | ||
| 050 | _aJC 421 Car | ||
| 100 | _aCarothers, Thomas | ||
| 245 | 1 | 0 |
_aAiding democracy abroad: the learning curve _cThomas Carothers |
| 260 |
_aWashington DC _bCargie Endowment for International Peace _c1999 |
||
| 300 | _ax, 409p.: ill. | ||
| 350 | _a0.00 | ||
| 650 | _aDEMOCRATIZATION | ||
| 650 | _aDEMOCRACY | ||
| 650 | _aTECHNICAL ASSISTANCE | ||
| 995 |
_D0.00 _FCBU-MAIN LIBRARY (Kitwe) _H1 _I0.00 _M1 _UAVAILABLE _WOct 1, 2007 _ZMain Library Open Access Collection |
||
| 999 |
_c34006 _d34006 |
||